[Event "Hamburg-chT Landesliga 1920"]
[Site "Hamburg"]
[Date "2019.09.29"]
[Round "1.4"]
[White "Mueller, Jan Hendrik"]
[Black "Brandt, Carina"]
[Result "1/2-1/2"]
[WhiteElo "2126"]
[BlackElo "2060"]
[PlyCount "66"]
[EventDate "2019.09.29"]
[EventType "team-tourn"]
[EventRounds "9"]
[EventCountry "GER"]
[SourceTitle "EXT 2021"]
[Source "ChessBase"]
[SourceDate "2020.10.23"]
[SourceVersion "1"]
[SourceVersionDate "2020.10.23"]
[SourceQuality "1"]

1. e4 e6 2. d4 d5 3. Nc3 Bb4 4. e5 c5 5. a3 Bxc3+ 6. bxc3 Ne7 7. Qg4 0-0 8. Bd3 Nbc6 9. Nf3 f5 10. exf6 Rxf6 11. Bg5 Rf7 12. Qh4 h6 13. Bxe7 Qxe7 14. Qxe7 Rxe7 15. Kd2 e5 16. Nxe5 Nxe5 17. dxe5 Rxe5 18. Rhe1 Rxe1 19. Rxe1 Kf7 20. f4 Bd7 21. Re5 Bc6 22. g4 Rd8 23. h4 Rd6 24. h5 b6 25. Bg6+ Kf8 26. Rf5+ Rf6 27. g5 Rxf5 28. Bxf5 Ke7 29. Ke3 Be8 30. Bg4 Ba4 31. Bf5 Be8 32. Bg4 Ba4 33. Bf5 Be8 1/2-1/2

[Event "Oberliga Nord N 1819"]
[Site "Germany"]
[Date "2019.04.07"]
[Round "9.4"]
[White "Mueller, Jan Hendrik"]
[Black "Stephan, Axel"]
[Result "1/2-1/2"]
[WhiteElo "2118"]
[BlackElo "2214"]
[PlyCount "54"]
[EventDate "2018.10.21"]
[EventType "team-tourn"]
[EventRounds "9"]
[EventCountry "GER"]
[SourceTitle "EXT 2020"]
[Source "ChessBase"]
[SourceDate "2019.10.17"]
[SourceVersion "1"]
[SourceVersionDate "2019.10.17"]
[SourceQuality "1"]
[WhiteTeam "Marmstorf"]
[BlackTeam "Hamburg Diogenes"]
[WhiteTeamCountry "GER"]
[BlackTeamCountry "GER"]

1. c4 e6 2. g3 d5 3. Bg2 g6 4. Nf3 Bg7 5. 0-0 Ne7 6. d3 0-0 7. Nbd2 b6 8. Rb1 a5 9. b3 c5 10. Bb2 Nbc6 11. Bxg7 Kxg7 12. cxd5 exd5 13. a3 Bg4 14. Qc2 Qd6 15. e4 Bxf3 16. Nxf3 Rad8 17. Rfd1 Qf6 18. Re1 Nd4 19. Nxd4 Qxd4 20. Rbd1 h5 21. exd5 Nxd5 22. Re4 Qc3 23. Rc4 Qxc2 24. Rxc2 Ne7 25. b4 axb4 26. axb4 cxb4 27. Rc4 Nd5 1/2-1/2

[Event "Oberliga Nord N 1819"]
[Site "Germany"]
[Date "2019.02.03"]
[Round "6.4"]
[White "Wolter, Michael"]
[Black "Mueller, Jan Hendrik"]
[Result "1/2-1/2"]
[WhiteElo "2170"]
[BlackElo "2118"]
[PlyCount "63"]
[EventDate "2018.10.21"]
[EventType "team-tourn"]
[EventRounds "9"]
[EventCountry "GER"]
[SourceTitle "EXT 2020"]
[Source "ChessBase"]
[SourceDate "2019.10.17"]
[SourceVersion "1"]
[SourceVersionDate "2019.10.17"]
[SourceQuality "1"]
[WhiteTeam "Hamburg Koenigsspringer"]
[BlackTeam "Marmstorf"]
[WhiteTeamCountry "GER"]
[BlackTeamCountry "GER"]

1. d4 Nf6 2. Nf3 d5 3. g3 e6 4. Bg2 Be7 5. 0-0 0-0 6. c4 dxc4 7. Qa4 a6 8. Qxc4 b5 9. Qc2 Bb7 10. Bg5 Nbd7 11. Bxf6 Nxf6 12. Nbd2 Rc8 13. Nb3 Be4 14. Qc1 c5 15. dxc5 Qc7 16. Qg5 h6 17. Qe5 Bxc5 18. Rac1 Bxf3 19. Qxc7 Rxc7 20. Bxf3 Rfc8 21. e3 Kf8 22. Rfd1 Bb6 23. Rxc7 Rxc7 24. Rd8+ Ke7 25. Ra8 a5 26. Nxa5 Rc1+ 27. Kg2 Rc2 28. Nc6+ Kd6 29. Nd4 Rxb2 30. Rb8 Bxd4 31. exd4 Rxa2 32. Rxb5 1/2-1/2

[Event "Oberliga Nord N 1819"]
[Site "Germany"]
[Date "2018.11.25"]
[Round "3.4"]
[White "Boe, Mads"]
[Black "Mueller, Jan Hendrik"]
[Result "1/2-1/2"]
[WhiteElo "2304"]
[BlackElo "2118"]
[PlyCount "121"]
[EventDate "2018.10.21"]
[EventType "team-tourn"]
[EventRounds "9"]
[EventCountry "GER"]
[SourceTitle "EXT 2020"]
[Source "ChessBase"]
[SourceDate "2019.10.17"]
[SourceVersion "1"]
[SourceVersionDate "2019.10.17"]
[SourceQuality "1"]
[WhiteTeam "Kiel Turm II"]
[BlackTeam "Marmstorf"]
[WhiteTeamCountry "GER"]
[BlackTeamCountry "GER"]

1. d4 Nf6 2. Nf3 d5 3. c4 e6 4. cxd5 exd5 5. Nc3 c6 6. Bg5 h6 7. Bh4 Be7 8. Qc2 g6 9. e3 Bf5 10. Bd3 Bxd3 11. Qxd3 Nbd7 12. 0-0 0-0 13. Bg3 Ne8 14. Rfe1 f5 15. Ne2 Bd6 16. Nf4 Qf6 17. Qb3 Rb8 18. Nd3 Bxg3 19. hxg3 Nd6 20. Nfe5 Rbd8 21. Rac1 g5 22. f3 Kg7 23. Rc2 h5 24. Rf2 Qe7 25. Qb4 Rde8 26. b3 Nxe5 27. dxe5 Nf7 28. Qd4 Kg6 29. e4 dxe4 30. fxe4 fxe4 31. Qxe4+ Kh6 32. Ref1 Nd8 33. Qd4 c5 34. Nxc5 Rxf2 35. Qxf2 Qxe5 36. Nd7 Qe3 37. Nf6 Qxf2+ 38. Kxf2 Rf8 39. Ke2 Kg6 40. Nd5 Rxf1 41. Kxf1 Kf5 42. Ke2 Nc6 43. Ke3 Ke5 44. Nc3 Nb4 45. Kd2 Nd5 46. Ne2 Ke4 47. Ng1 g4 48. Ne2 b6 49. a3 a6 50. b4 b5 51. Nc1 Ne3 52. Nb3 Nxg2 53. Ke2 h4 54. Nc5+ Kd4 55. gxh4 Nxh4 56. Nxa6 Nf5 57. Nc7 Kc4 58. Kf2 Nd4 59. Kg3 Nc2 60. Nxb5 Kxb5 61. Kxg4 1/2-1/2

[Event "Oberliga Nord N 1718"]
[Site "Germany"]
[Date "2018.02.04"]
[Round "6.4"]
[White "Zieher, Hartmut"]
[Black "Mueller, Jan Hendrik"]
[Result "1-0"]
[WhiteElo "2230"]
[BlackElo "2120"]
[PlyCount "83"]
[EventDate "2017.10.08"]
[EventType "team-tourn"]
[EventRounds "9"]
[EventCountry "GER"]
[SourceTitle "EXT 2019"]
[Source "ChessBase"]
[SourceDate "2018.10.10"]
[SourceVersion "1"]
[SourceVersionDate "2018.10.10"]
[SourceQuality "1"]
[WhiteTeam "Hamburger SK III"]
[BlackTeam "Marmstorf"]
[WhiteTeamCountry "GER"]
[BlackTeamCountry "GER"]

1. e4 e6 2. d4 d5 3. Nd2 c5 4. Ngf3 cxd4 5. exd5 Qxd5 6. Bc4 Qd6 7. 0-0 Nf6 8. Nb3 Nc6 9. Nbxd4 Nxd4 10. Nxd4 a6 11. Re1 Qc7 12. Bb3 Bd6 13. h3 0-0 14. c3 b6 15. Bg5 Bb7 16. Bc2 Qc5 17. Bxf6 gxf6 18. Be4 Bxe4 19. Rxe4 f5 20. Re3 Rad8 21. Qe2 Qc8 22. Rd1 Kh8 23. Red3 Bb8 24. Nf3 Bc7 25. Ne5 Rxd3 26. Rxd3 f6 27. Nf3 Kg7 28. g3 Rd8 29. Kf1 Rxd3 30. Qxd3 b5 31. Ke2 f4 32. g4 Qd8 33. Nd4 Qd6 34. Qe4 Qe5 35. Nxe6+ Kf7 36. Qxe5 Bxe5 37. Nc5 a5 38. Kf3 f5 39. gxf5 a4 40. Nd3 Bf6 41. a3 Bh4 42. Kxf4 1-0

[Event "Oberliga Nord N 1718"]
[Site "Germany"]
[Date "2017.10.23"]
[Round "2.5"]
[White "Mueller, Jan Hendrik"]
[Black "Gottuk, Stefan"]
[Result "1-0"]
[WhiteElo "2120"]
[BlackElo "2179"]
[PlyCount "63"]
[EventDate "2017.10.08"]
[EventType "team-tourn"]
[EventRounds "9"]
[EventCountry "GER"]
[SourceTitle "EXT 2019"]
[Source "ChessBase"]
[SourceDate "2018.10.10"]
[SourceVersion "1"]
[SourceVersionDate "2018.10.10"]
[SourceQuality "1"]
[WhiteTeam "Marmstorf"]
[BlackTeam "Hamburg Diogenes"]
[WhiteTeamCountry "GER"]
[BlackTeamCountry "GER"]

1. e4 e6 2. d4 d5 3. Nd2 Nf6 4. e5 Nfd7 5. Bd3 c5 6. c3 Nc6 7. Ne2 cxd4 8. cxd4 f6 9. exf6 Nxf6 10. Nf3 Bd6 11. 0-0 0-0 12. Re1 e5 13. dxe5 Nxe5 14. Nxe5 Bxe5 15. Bf4 Bxb2 16. Rb1 Ba3 17. Nc3 Bc5 18. Qc2 b6 19. Bg5 h6 20. Bh4 Qd7 21. Rbd1 Qg4 22. Bg3 Bd7 23. Nxd5 Ba4 24. Nxf6+ Rxf6 25. Bc4+ Kh8 26. Qxa4 Raf8 27. Rd2 a5 28. Re8 Bb4 29. Rdd8 Qxc4 30. Rxf8+ Kh7 31. Rxf6 Qc1+ 32. Rd1 1-0

[Event "Oberliga Nord N 1617"]
[Site "Germany"]
[Date "2017.05.07"]
[Round "9.5"]
[White "Neumann, Joachim"]
[Black "Mueller, Jan Hendrik"]
[Result "1/2-1/2"]
[WhiteElo "2069"]
[BlackElo "2068"]
[PlyCount "103"]
[EventDate "2016.10.16"]
[EventType "team-tourn"]
[EventRounds "9"]
[EventCountry "GER"]
[SourceTitle "EXT 2018"]
[Source "ChessBase"]
[SourceDate "2017.10.13"]
[SourceVersion "1"]
[SourceVersionDate "2017.10.13"]
[SourceQuality "1"]
[WhiteTeam "Neumuenster Agon"]
[BlackTeam "Marmstorf"]
[WhiteTeamCountry "GER"]
[BlackTeamCountry "GER"]

1. c4 e5 2. g3 Nf6 3. Bg2 c6 4. d4 exd4 5. Qxd4 d5 6. Nf3 Be7 7. cxd5 cxd5 8. 0-0 Nc6 9. Qa4 0-0 10. Be3 Ng4 11. Bf4 Qb6 12. Nc3 Be6 13. Qb5 Bc5 14. Qxb6 axb6 15. a3 h6 16. Rad1 g5 17. Bc1 d4 18. Ne4 Bb3 19. Rde1 Bc2 20. h3 Bxe4 21. hxg4 d3 22. e3 d2 23. Bxd2 Bd3 24. Bc3 Rfd8 25. Ne5 Nxe5 26. Bxe5 Bxf1 27. Kxf1 Rd7 28. Ke2 Re8 29. Bc3 Bf8 30. Rb1 Be7 31. Bb4 Rc7 32. Bd5 Rc2+ 33. Kf3 Rec8 34. Bxb7 R8c7 35. Be4 Rc1 36. Rxc1 Rxc1 37. b3 Bf8 38. Bxf8 Kxf8 39. Bd3 Ra1 40. a4 Ra2 41. Bc4 Ke7 42. e4 f6 43. Ke3 Kd6 44. f4 Rg2 45. Kf3 Rc2 46. Ke3 Rc3+ 47. Kf2 Kc5 48. e5 fxe5 49. fxe5 Kd4 50. e6 Re3 51. Bd5 Re5 52. Bc4 1/2-1/2

[Event "Oberliga Nord N 1617"]
[Site "Germany"]
[Date "2017.03.19"]
[Round "7.5"]
[White "Wagner, Friedrich"]
[Black "Mueller, Jan Hendrik"]
[Result "0-1"]
[WhiteElo "2224"]
[BlackElo "2068"]
[PlyCount "132"]
[EventDate "2016.10.16"]
[EventType "team-tourn"]
[EventRounds "9"]
[EventCountry "GER"]
[SourceTitle "EXT 2018"]
[Source "ChessBase"]
[SourceDate "2017.10.13"]
[SourceVersion "1"]
[SourceVersionDate "2017.10.13"]
[SourceQuality "1"]
[WhiteTeam "Hamburg Koenigsspringer"]
[BlackTeam "Marmstorf"]
[WhiteTeamCountry "GER"]
[BlackTeamCountry "GER"]

1. c4 e5 2. g3 Nf6 3. Bg2 c6 4. d4 exd4 5. Qxd4 d5 6. Nf3 Be7 7. cxd5 cxd5 8. 0-0 Nc6 9. Qa4 0-0 10. Be3 Ng4 11. Bd4 Nxd4 12. Qxd4 Qa5 13. Nc3 Bf6 14. Qd3 Rd8 15. e3 Bxc3 16. bxc3 Bd7 17. Rfc1 Rac8 18. h3 Nf6 19. Nd4 Ne4 20. c4 Nc5 21. Qe2 dxc4 22. Rxc4 b5 23. Rxc5 Rxc5 24. Nb3 Qc3 25. Rc1 Qxc1+ 26. Nxc1 Rxc1+ 27. Kh2 Be8 28. h4 Rcd1 29. h5 h6 30. g4 R1d2 31. Qf3 Rxa2 32. Kg3 b4 33. g5 hxg5 34. h6 Ra6 35. Qb7 Rb6 36. Qe7 Rbd6 37. hxg7 Kxg7 38. Be4 b3 39. Qxg5+ Kf8 40. f4 Bc6 41. Bb1 Ke8 42. Qg8+ Ke7 43. Qg5+ Ke8 44. Qc5 a6 45. f5 f6 46. Qc3 Rb8 47. e4 Rb5 48. Qc4 a5 49. Qg8+ Kd7 50. Qf7+ Kc8 51. Qe7 Rd1 52. Qxf6 Rb6 53. Qf8+ Kb7 54. Qf7+ Ka6 55. Qc4+ Ka7 56. f6 Rxb1 57. f7 b2 58. f8Q Rg1+ 59. Kh2 b1Q 60. Qfc5 Rg7 61. Qc3 Qa2+ 62. Qc2 Rh7+ 63. Kg3 Qg8+ 64. Kf4 Rh4+ 65. Ke3 Rxe4+ 66. Qxe4 Qg1+ 0-1

[Event "Oberliga Nord N 1617"]
[Site "Germany"]
[Date "2016.12.04"]
[Round "3.5"]
[White "Mueller, Jan Hendrik"]
[Black "Perez de Miguel, Alvaro"]
[Result "0-1"]
[WhiteElo "2068"]
[BlackElo "2260"]
[PlyCount "56"]
[EventDate "2016.10.16"]
[EventType "team-tourn"]
[EventRounds "9"]
[EventCountry "GER"]
[SourceTitle "EXT 2018"]
[Source "ChessBase"]
[SourceDate "2017.10.13"]
[SourceVersion "1"]
[SourceVersionDate "2017.10.13"]
[SourceQuality "1"]
[WhiteTeam "Marmstorf"]
[BlackTeam "St Pauli"]
[WhiteTeamCountry "GER"]
[BlackTeamCountry "GER"]

1. c4 Nf6 2. g3 e5 3. Bg2 Nc6 4. Nc3 Bc5 5. a3 a6 6. e3 0-0 7. Nge2 d6 8. 0-0 Ba7 9. d4 Bf5 10. h3 h6 11. b4 Re8 12. d5 Ne7 13. g4 Bd7 14. Ng3 Ng6 15. Nf5 Bxf5 16. gxf5 Nh4 17. Qc2 Nxg2 18. Kxg2 e4 19. Ne2 h5 20. Bb2 Nh7 21. Rg1 Qh4 22. Nf4 Ng5 23. Kf1 Re5 24. Bxe5 dxe5 25. Ne2 Qxh3+ 26. Ke1 Nf3+ 27. Kd1 Nxg1 28. Nxg1 Qf1+ 0-1

[Event "Harburg-ch 11th Invitation"]
[Site "Hamburg"]
[Date "2016.10.02"]
[Round "3.1"]
[White "Ramme, Christoph"]
[Black "Mueller, Jan Hendrik"]
[Result "1/2-1/2"]
[WhiteElo "2158"]
[BlackElo "2103"]
[PlyCount "48"]
[EventDate "2016.10.01"]
[EventType "tourn"]
[EventRounds "5"]
[EventCountry "GER"]
[SourceTitle "EXT 2018"]
[Source "ChessBase"]
[SourceDate "2017.10.13"]
[SourceVersion "1"]
[SourceVersionDate "2017.10.13"]
[SourceQuality "1"]

1. d4 e6 2. c4 Nf6 3. Nc3 Bb4 4. Bg5 c5 5. d5 d6 6. e3 Bxc3+ 7. bxc3 h6 8. Bh4 e5 9. Qc2 Qe7 10. Nf3 Nbd7 11. Nd2 Kd8 12. Bd3 Kc7 13. f3 g5 14. Bf2 h5 15. 0-0-0 Nb6 16. h3 Bd7 17. Rde1 Rag8 18. Rhg1 h4 19. Bf5 Nh5 20. Bd3 Rf8 21. Rgf1 f5 22. Bg1 Ng3 23. Rf2 Nh1 24. Rff1 Ng3 1/2-1/2

[Event "Harburg-ch 11th Invitation"]
[Site "Hamburg"]
[Date "2016.10.01"]
[Round "2.3"]
[White "Lenhardt, Manfred"]
[Black "Mueller, Jan Hendrik"]
[Result "1-0"]
[WhiteElo "2148"]
[BlackElo "2103"]
[PlyCount "65"]
[EventDate "2016.10.01"]
[EventType "tourn"]
[EventRounds "5"]
[EventCountry "GER"]
[SourceTitle "EXT 2018"]
[Source "ChessBase"]
[SourceDate "2017.10.13"]
[SourceVersion "1"]
[SourceVersionDate "2017.10.13"]
[SourceQuality "1"]

1. d4 e6 2. c4 Nf6 3. Nf3 Bb4+ 4. Nbd2 0-0 5. g3 d5 6. Qc2 c6 7. Bg2 b6 8. 0-0 Bb7 9. a3 Be7 10. b3 Nbd7 11. Bb2 Rc8 12. Rac1 dxc4 13. Nxc4 c5 14. dxc5 Bxc5 15. Qb1 b5 16. Nce5 Qe7 17. b4 Bb6 18. Ng5 Rxc1 19. Rxc1 Nxe5 20. Bxe5 Bxf2+ 21. Kh1 Bxg2+ 22. Kxg2 Qb7+ 23. Kxf2 Ng4+ 24. Kg1 Qb6+ 25. Rc5 g6 26. Nf3 f6 27. Bc7 Qb7 28. Qd3 Ne5 29. Bxe5 fxe5 30. Qd6 Rxf3 31. exf3 Qxf3 32. Qxe6+ Kg7 33. Qxe5+ 1-0

[Event "Hamburg-chT Landesliga 1415"]
[Site "Hamburg"]
[Date "2015.04.18"]
[Round "8.3"]
[White "Mueller, Jan Hendrik"]
[Black "Dettmann, Steffen"]
[Result "1/2-1/2"]
[WhiteElo "2093"]
[BlackElo "2141"]
[PlyCount "113"]
[EventDate "2014.09.21"]
[EventType "team-tourn"]
[EventRounds "9"]
[EventCountry "GER"]
[SourceTitle "EXT 2022"]
[Source "ChessBase"]
[SourceDate "2021.10.06"]
[SourceVersion "1"]
[SourceVersionDate "2021.10.06"]
[SourceQuality "1"]
[WhiteTeam "Marmstorf"]
[BlackTeam "Hamburg Koenigsspringer II"]
[WhiteTeamCountry "GER"]
[BlackTeamCountry "GER"]

1. c4 e5 2. g3 Nf6 3. Bg2 Nc6 4. Nc3 Bc5 5. a3 a6 6. e3 0-0 7. Nge2 Qe7 8. 0-0 d6 9. b4 Ba7 10. Bb2 Bf5 11. d3 Qd7 12. Nd5 Nxd5 13. Bxd5 Bh3 14. Re1 Nd8 15. d4 c6 16. Bh1 f6 17. c5 exd4 18. Bxd4 d5 19. Nf4 Ne6 20. Nxh3 Nxd4 21. Qxd4 Qxh3 22. e4 dxe4 23. Rxe4 Rf7 24. Rae1 g6 25. Re8+ Rxe8 26. Rxe8+ Kg7 27. Bg2 Qd7 28. Qxd7 Rxd7 29. Ra8 b6 30. cxb6 Rd1+ 31. Bf1 Bxb6 32. Rxa6 Bd4 33. Rxc6 Rd2 34. Rc4 Bxf2+ 35. Kh1 Ra2 36. Rc3 Bd4 37. Rb3 Ra1 38. Kg2 Ra2+ 39. Kf3 f5 40. Be2 g5 41. Rd3 Bb6 42. Rd7+ Kf8 43. Rf7+ Kg8 44. Rxf5 g4+ 45. Kxg4 Rxe2 46. h4 Re3 47. Rf3 Re1 48. a4 Rb1 49. b5 Rb4+ 50. Rf4 Rb3 51. Rf3 h5+ 52. Kf4 Bc7+ 53. Ke4 Rb4+ 54. Kd5 Rxa4 55. Rf5 Rg4 56. Rxh5 Bxg3 57. Rg5+ 1/2-1/2

[Event "Harburg-chA 9th"]
[Site "Hamburg"]
[Date "2011.08.21"]
[Round "5"]
[White "Mueller, Jan Hendrik"]
[Black "Schroeder, Christoph"]
[Result "1/2-1/2"]
[WhiteElo "2099"]
[BlackElo "2247"]
[PlyCount "36"]
[EventDate "2011.08.19"]
[EventType "tourn"]
[EventRounds "5"]
[EventCountry "GER"]
[SourceTitle "EXT 2012"]
[Source "ChessBase"]
[SourceDate "2011.11.24"]
[SourceVersion "1"]
[SourceVersionDate "2011.11.24"]
[SourceQuality "1"]

1. c4 f5 2. g3 Nf6 3. Bg2 e6 4. Nf3 d5 5. 0-0 Bd6 6. d3 0-0 7. Nc3 dxc4 8. dxc4 Nc6 9. e4 fxe4 10. Ng5 Bc5 11. Ngxe4 Nxe4 12. Nxe4 Qxd1 13. Rxd1 Bd4 14. Rb1 e5 15. Be3 Bg4 16. Rd2 Rad8 17. h3 Bxe3 18. fxe3 Rxd2 1/2-1/2

[Event "Bad Woerishofen op 27th"]
[Site "Bad Woerishofen"]
[Date "2011.03.29"]
[Round "7"]
[White "Mueller, Jan Hendrik"]
[Black "Zaslavsky, Michael"]
[Result "0-1"]
[WhiteElo "2105"]
[BlackElo "2431"]
[PlyCount "54"]
[EventDate "2011.03.24"]
[EventType "swiss"]
[EventRounds "9"]
[EventCountry "GER"]
[SourceTitle "EXT 2012"]
[Source "ChessBase"]
[SourceDate "2011.11.24"]
[SourceVersion "1"]
[SourceVersionDate "2011.11.24"]
[SourceQuality "1"]

1. c4 e5 2. g3 Nf6 3. Bg2 d5 4. cxd5 Nxd5 5. Nc3 Nb6 6. Nf3 Nc6 7. 0-0 Be7 8. a3 0-0 9. d3 Be6 10. Be3 f5 11. Rc1 Nd5 12. Nxd5 Bxd5 13. Bc5 Kh8 14. Qa4 a6 15. e4 Be6 16. Rfd1 Bxc5 17. Rxc5 Qd6 18. Rcc1 Rad8 19. b4 f4 20. Ng5 fxg3 21. hxg3 Bg4 22. f3 Qh6 23. Nxh7 Kxh7 24. fxg4 Nd4 25. Bf1 Nf3+ 26. Kf2 Qh2+ 27. Ke3 Nd4 0-1

[Event "Pardubice Czech op-A 21st"]
[Site "Pardubice"]
[Date "2010.07.24"]
[Round "2"]
[White "Mueller, Jan Hendrik"]
[Black "Sergienko, Sergey"]
[Result "0-1"]
[WhiteElo "2075"]
[BlackElo "2412"]
[PlyCount "70"]
[EventDate "2010.07.23"]
[EventType "swiss"]
[EventRounds "9"]
[EventCountry "CZE"]
[SourceTitle "CBM 137 Extra"]
[Source "ChessBase"]
[SourceDate "2010.09.01"]
[SourceVersion "1"]
[SourceVersionDate "2010.09.01"]
[SourceQuality "1"]

1. c4 e5 2. g3 d6 3. Bg2 f5 4. Nc3 Nf6 5. d3 Be7 6. e3 0-0 7. Nge2 c6 8. f4 Na6 9. 0-0 Be6 10. b3 Qe8 11. Ba3 Rd8 12. h3 Bc8 13. Bb2 Qg6 14. Qc2 Rfe8 15. Kh2 Bf8 16. e4 Qh5 17. Qd2 Nc5 18. Rae1 a5 19. Ng1 Ng4+ 20. Kh1 Nh6 21. d4 Nxe4 22. Nxe4 fxe4 23. dxe5 dxe5 24. Qxa5 Nf5 25. Kh2 Nxg3 26. Rf2 exf4 27. Qxh5 Nxh5 28. Rxe4 Rxe4 29. Bxe4 Bc5 30. Rg2 Ng3 31. Bf3 Rd3 32. Bc1 Bxg1+ 33. Rxg1 Rxf3 34. Kg2 Rd3 35. Bxf4 Ne2 0-1

[Event "Hamburg-ch MA"]
[Site "Hamburg"]
[Date "2010.05.30"]
[Round "9.5"]
[White "Mueller, Jan Hendrik"]
[Black "Hochgraefe, Markus"]
[Result "0-1"]
[WhiteElo "2043"]
[BlackElo "2344"]
[PlyCount "54"]
[EventDate "2010.05.22"]
[EventType "swiss"]
[EventRounds "9"]
[EventCountry "GER"]
[SourceTitle "EXT 2011"]
[Source "ChessBase"]
[SourceDate "2010.11.26"]
[SourceVersion "1"]
[SourceVersionDate "2010.11.26"]
[SourceQuality "1"]

1. c4 c6 2. Nf3 d5 3. g3 Nf6 4. Bg2 Bf5 5. 0-0 e6 6. b3 Be7 7. Bb2 0-0 8. d3 h6 9. Nbd2 a5 10. Re1 Bh7 11. e4 Na6 12. Ne5 Nc5 13. exd5 exd5 14. Ba3 Re8 15. d4 Na6 16. Bxe7 Rxe7 17. a3 dxc4 18. Ndxc4 Nc7 19. b4 axb4 20. axb4 Rxa1 21. Qxa1 Nb5 22. Na5 Qxd4 23. Qxd4 Nxd4 24. Nd3 Ne2+ 25. Rxe2 Rxe2 26. Nf4 Re1+ 27. Bf1 g5 0-1

[Event "Hamburg-ch MA"]
[Site "Hamburg"]
[Date "2010.05.27"]
[Round "6.9"]
[White "Mueller, Jan Hendrik"]
[Black "Goepfert, Jakob"]
[Result "1/2-1/2"]
[WhiteElo "2043"]
[BlackElo "1953"]
[PlyCount "97"]
[EventDate "2010.05.22"]
[EventType "swiss"]
[EventRounds "9"]
[EventCountry "GER"]
[SourceTitle "EXT 2011"]
[Source "ChessBase"]
[SourceDate "2010.11.26"]
[SourceVersion "1"]
[SourceVersionDate "2010.11.26"]
[SourceQuality "1"]

1. c4 c5 2. g3 g6 3. Bg2 Bg7 4. Nc3 Nc6 5. a3 d6 6. Rb1 e5 7. b4 Nge7 8. e3 0-0 9. Nge2 Be6 10. Nd5 Rb8 11. Nec3 a6 12. b5 Na7 13. bxa6 Bxd5 14. Nxd5 Nxd5 15. Bxd5 bxa6 16. Bb2 Rb6 17. Bc3 Rxb1 18. Qxb1 Qc7 19. 0-0 Nc6 20. Qe4 Ne7 21. Rb1 Rb8 22. Rxb8+ Qxb8 23. Qf3 Nxd5 24. Qxd5 Qb6 25. f4 exf4 26. Qa8+ Bf8 27. gxf4 Qb1+ 28. Kf2 Qf5 29. Qd8 Qe6 30. Qf6 Qxf6 31. Bxf6 Bg7 32. Be7 Bf8 33. Bf6 Bg7 34. Be7 Bf8 35. Bd8 f5 36. d4 Kf7 37. Kf3 Bg7 38. d5 Bf6 39. Bc7 Ke7 40. e4 fxe4+ 41. Kxe4 Bc3 42. Kf3 Be1 43. Kg4 Bd2 44. Kg5 Kd7 45. Bb6 Ke7 46. h4 Kf7 47. Bc7 Ke7 48. Kg4 Kd7 49. Bb6 1/2-1/2

[Event "Hamburg-ch MA"]
[Site "Hamburg"]
[Date "2010.05.22"]
[Round "1.8"]
[White "Mueller, Jan Hendrik"]
[Black "Putzbach, Gerd"]
[Result "0-1"]
[WhiteElo "2043"]
[BlackElo "2170"]
[PlyCount "80"]
[EventDate "2010.05.22"]
[EventType "swiss"]
[EventRounds "9"]
[EventCountry "GER"]
[SourceTitle "EXT 2011"]
[Source "ChessBase"]
[SourceDate "2010.11.26"]
[SourceVersion "1"]
[SourceVersionDate "2010.11.26"]
[SourceQuality "1"]

1. c4 e5 2. g3 Nc6 3. Bg2 f5 4. d3 Nf6 5. Nc3 d6 6. e3 g6 7. Nge2 Bg7 8. Rb1 0-0 9. 0-0 g5 10. f4 exf4 11. gxf4 g4 12. b4 h5 13. e4 a6 14. a4 h4 15. b5 axb5 16. axb5 Ne7 17. e5 Nh5 18. d4 h3 19. Bh1 Ng6 20. Be3 Bh6 21. Qc1 Kh7 22. c5 Rg8 23. b6 dxc5 24. bxc7 Qxc7 25. Nd5 Qg7 26. Ng3 Nxg3 27. hxg3 Ra2 28. Rf2 Rxf2 29. Bxf2 Kh8 30. Qxc5 Nxf4 31. Ne7 h2+ 32. Kxh2 Bg5 33. Nxg8 Qh7+ 34. Kg1 Ne2+ 35. Kf1 Nxg3+ 36. Bxg3 Qxh1+ 37. Ke2 Qf3+ 38. Ke1 Qxg3+ 39. Kf1 Qd3+ 40. Kg2 Qf3+ 0-1

[Event "Harburg-chB 7th"]
[Site "Hamburg"]
[Date "2009.07.03"]
[Round "1"]
[White "Schiele, Lars"]
[Black "Mueller, Jan Hendrik"]
[Result "1/2-1/2"]
[WhiteElo "1997"]
[BlackElo "2091"]
[PlyCount "112"]
[EventDate "2009.07.03"]
[EventType "tourn"]
[EventRounds "5"]
[EventCountry "GER"]
[SourceTitle "EXT 2010"]
[Source "ChessBase"]
[SourceDate "2010.11.25"]
[SourceVersion "1"]
[SourceVersionDate "2010.11.25"]
[SourceQuality "1"]

1. e4 e6 2. d4 d5 3. Nc3 Bb4 4. e5 c5 5. a3 Bxc3+ 6. bxc3 Ne7 7. Qg4 0-0 8. Bd3 Nbc6 9. Nf3 f5 10. exf6 Rxf6 11. Qh5 g6 12. Qh4 Nf5 13. Bxf5 Rxf5 14. Ng5 Qe7 15. Be3 e5 16. dxe5 d4 17. cxd4 cxd4 18. Bf4 h6 19. Qxh6 Rxf4 20. Qxg6+ Qg7 21. Qxg7+ Kxg7 22. g3 Rf5 23. f4 Nxe5 24. 0-0 Bd7 25. h4 Ng4 26. Rfd1 Rd5 27. Nf3 Ba4 28. Rxd4 Rxd4 29. Nxd4 Rc8 30. Re1 Kf7 31. Rb1 b6 32. Rb4 Bxc2 33. Nb5 Rd8 34. Nxa7 Rd2 35. Nc6 Ne3 36. Ne5+ Kg7 37. g4 Bd1 38. g5 Bc2 39. h5 Bf5 40. Nc4 Rg2+ 41. Kh1 Rg3 42. Nxe3 Rxe3 43. Rxb6 Rh3+ 44. Kg2 Rxh5 45. a4 Be4+ 46. Kg3 Rh1 47. a5 Rg1+ 48. Kf2 Ra1 49. a6 Ra3 50. Re6 Bf5 51. Re7+ Kg6 52. a7 Bg4 53. Ke1 Ra2 54. Rc7 Bf3 55. Rd7 Bg4 56. Rc7 Bf3 1/2-1/2

[Event "GER-ch U25 op"]
[Site "Willingen"]
[Date "2009.06.06"]
[Round "9"]
[White "Mueller, Jan Hendrik"]
[Black "Eidner, Falk"]
[Result "1-0"]
[WhiteElo "2090"]
[BlackElo "2006"]
[PlyCount "53"]
[EventDate "2009.05.30"]
[EventType "swiss"]
[EventRounds "9"]
[EventCountry "GER"]
[SourceTitle "EXT 2010"]
[Source "ChessBase"]
[SourceDate "2010.11.25"]
[SourceVersion "1"]
[SourceVersionDate "2010.11.25"]
[SourceQuality "1"]

1. e4 e5 2. Nf3 Nc6 3. Bb5 a6 4. Ba4 Nf6 5. d3 b5 6. Bb3 Be7 7. c3 0-0 8. Nbd2 d5 9. h3 dxe4 10. dxe4 Bd6 11. 0-0 Na5 12. Bc2 c5 13. Re1 Be6 14. Nf1 Qc7 15. Ng3 c4 16. Nh4 g6 17. Qf3 Nd7 18. Nhf5 Bxf5 19. exf5 Nc5 20. Bh6 Rfe8 21. Nh5 Nd7 22. Rad1 Be7 23. fxg6 hxg6 24. Rxd7 Qb6 25. Rxe7 Rxe7 26. Qxa8+ Kh7 27. Qf8 1-0

[Event "GER-ch U25 op"]
[Site "Willingen"]
[Date "2009.06.05"]
[Round "8"]
[White "Becker, Carsten"]
[Black "Mueller, Jan Hendrik"]
[Result "1/2-1/2"]
[WhiteElo "1995"]
[BlackElo "2090"]
[PlyCount "38"]
[EventDate "2009.05.30"]
[EventType "swiss"]
[EventRounds "9"]
[EventCountry "GER"]
[SourceTitle "EXT 2010"]
[Source "ChessBase"]
[SourceDate "2010.11.25"]
[SourceVersion "1"]
[SourceVersionDate "2010.11.25"]
[SourceQuality "1"]

1. d4 Nf6 2. c4 c5 3. d5 e6 4. Nc3 exd5 5. cxd5 d6 6. e4 g6 7. Bd3 Bg7 8. Nge2 0-0 9. 0-0 a6 10. a4 Ng4 11. h3 Ne5 12. Bc2 Qh4 13. f4 Nc4 14. Qd3 Na5 15. f5 Nd7 16. Bf4 Be5 17. b3 Qd8 18. Qg3 Qe7 19. Rf3 Kh8 1/2-1/2